000 00352 a2200157 4500
001 176419
020 _a
040 _cMagnum
100 _aRibeiro, Daniel Valle
240 1 0 _aIgreja e estado na idade media
_lpor
245 1 0 _aIgreja e estado na idade media
362 0 _a1899
440 1 _aLĂȘ
697 _aMAGNITO: PARADIDATICO
942 _cBK
999 _c176419
_d176419